Catálogo - Centro de Recursos para el Aprendizaje y la Investigación
Volver al Sitio - CRAI Biblioteca| 000 -CABECERA | |
|---|---|
| campo de control de longitud fija | 02246nam a2200265 4500 |
| 001 - NÚMERO DE CONTROL | |
| campo de control | 113570 |
| 003 - IDENTIFICADOR DEL NÚMERO DE CONTROL | |
| campo de control | DR-UNIBE |
| 005 - FECHA Y HORA DE LA ÚLTIMA TRANSACCIÓN | |
| campo de control | 20250507135018.0 |
| 008 - DATOS DE LONGITUD FIJA--INFORMACIÓN GENERAL | |
| campo de control de longitud fija | 250507b2005 es ||||| |||| 00| 0 spa d |
| 040 ## - FUENTE DE LA CATALOGACIÓN | |
| Centro catalogador/agencia de origen | BIBLIOTECA UNIBE |
| Centro/agencia transcriptor | BIBLIOTECA UNIBE |
| Lengua de catalogación | spa |
| Normas de descripción | rda |
| 041 ## - CÓDIGO DE LENGUA | |
| Código de lengua del texto/banda sonora o título independiente | spa |
| 082 ## - NÚMERO DE LA CLASIFICACIÓN DECIMAL DEWEY | |
| Número de edición | 22 |
| Número de clasificación | 364.36 E59 |
| 245 10 - MENCIÓN DE TÍTULO | |
| Título | Ensayos sobre justicia juvenil / |
| Mención de responsabilidad, etc. | presentación: Mirna Antonieta Perla Jiménez ; diseño y producción: Martín R. Pocasangre Posada; diseño de portada: Roxana Maricela López de Linares; diagramación: Ana Merecedes Mercado Cubías |
| 260 ## - PUBLICACIÓN, DISTRIBUCIÓN, ETC. | |
| Lugar de publicación, distribución, etc. | San Salvador : |
| Nombre del editor, distribuidor, etc. | Corte Suprema de Justicia. Sección de Publicaciones, |
| Fecha de publicación, distribución, etc. | 2005 |
| 300 ## - DESCRIPCIÓN FÍSICA | |
| Extensión | 291 páginas : |
| Dimensiones | 23 x 17 cm |
| 500 ## - NOTA GENERAL | |
| Nota general | Listado de autores, supervisore y revisión en las páginas iniciales |
| 505 ## - NOTA DE CONTENIDO CON FORMATO | |
| Nota de contenido con formato | El proceso d construcción de la Ley del Menor Infractor. Aida Luz Santos de Escobar |<br/>Las nuevas leyes de responsabilidad penal juvenil y su relación con la violencia social y de género. Karla Hananía de Varela |<br/>Necesidad de una política criminal en El Salvador: perspectiva universitaria. Miguel Alberto Trejo Escobar |<br/>Violencia delincuencial versus impunidad de las pandillas juveniles. Jaime Martínez Ventura |<br/>Leyes Anti Maras: los reveses de la Justica Penal Juvenil de El Salvador. Luis Enrique Salazar Flores |<br/>Propuesta nacional para prevenir y atender la violencia y delincuencia juvenil "Juventud en Desarrollo". María Mercedes Castillo de Molina |<br/>La importancia de la especialización de los operadores del sistema de justicia penal juvenil. Maria Antonieta Josa de Romero |<br/>Del "derecho penal liberal " al "derecho penal del enemigo". Eduardo Demetrio Crespo |<br/>La privaciónn de libertad provisionales en el proceso penal de menores. Víctor Manuel Meléndez Reyes |
| 650 #7 - PUNTO DE ACCESO ADICIONAL DE MATERIA--TÉRMINO DE MATERIA | |
| Fuente del encabezamiento o término | lemb |
| Término de materia o nombre geográfico como elemento de entrada | Delincuencia juvenil |
| Subdivisión general | Aspectos sociales |
| Subdivisión geográfica | El Salvador |
| 9 (RLIN) | 195014 |
| 650 #7 - PUNTO DE ACCESO ADICIONAL DE MATERIA--TÉRMINO DE MATERIA | |
| Término de materia o nombre geográfico como elemento de entrada | Derecho penal de menores |
| Subdivisión geográfica | El Salvador |
| 9 (RLIN) | 195015 |
| 700 10 - PUNTO DE ACCESO ADICIONAL--NOMBRE DE PERSONA | |
| Nombre de persona | Perla Jiménez, María Antonieta |
| 9 (RLIN) | 195010 |
| Término indicativo de función/relación | presentador |
| 700 10 - PUNTO DE ACCESO ADICIONAL--NOMBRE DE PERSONA | |
| Nombre de persona | Pocasangre Posada, Martín R. |
| 9 (RLIN) | 194790 |
| Término indicativo de función/relación | diseñador |
| -- | productor |
| 700 10 - PUNTO DE ACCESO ADICIONAL--NOMBRE DE PERSONA | |
| Nombre de persona | López de Linares, Roxana Maricela |
| 9 (RLIN) | 194902 |
| Término indicativo de función/relación | diseñadpr de portada |
| 700 10 - PUNTO DE ACCESO ADICIONAL--NOMBRE DE PERSONA | |
| Nombre de persona | Mercado Cubías, Ana Mercedes |
| 9 (RLIN) | 195011 |
| Término indicativo de función/relación | diagramador |
| 942 ## - ELEMENTOS DE PUNTO DE ACCESO ADICIONAL (KOHA) | |
| Fuente del sistema de clasificación o colocación | Sistema de Clasificación Decimal Dewey |
| Tipo de ítem Koha | Libro (general) |
| Estado de retiro | Estado de pérdida | Fuente del sistema de clasificación o colocación | No para préstamo | Código de colección | Localización permanente | Fecha de adquisición | Total de préstamos | Signatura topográfica completa | Código de barras | Fecha visto por última vez | Número de copia | Precio válido a partir de | Tipo de ítem Koha |
|---|---|---|---|---|---|---|---|---|---|---|---|---|---|
| Disponible | Sistema de Clasificación Decimal Dewey | General | Biblioteca Central UNIBE | 08/04/2025 | 364.36 E59 | 250401 | 07/05/2025 | Ej. 1 | 07/05/2025 | Libro (general) |